00269nam a2200121Ia 45000030006000000080041000060400015000471000019000622450028000812600009001095460012001180050017001300STCL150530s9999 xx 000 0 und d aSTCLcSTCL aMoreland, W.H. aFrom Akbar to Aurangzeb c1923 aEnglish20220125165502.0